Svetová hospodárska kríza a jej vplyv na odhad rizika pri aplikácii výnosového princípu ohodnotenia

Výber niektorých publikovaných úvah a riešení ku kríze a tiež k riziku, ktorých rôznorodosť musí znalec zapracovať do svojích metodických postupov.

Gespeichert in:
Bibliographische Detailangaben
1. Verfasser: Sedláková, Iveta
Format: Buchkapitel
Sprache:Slowakisch
Schlagworte:
Tags: Tag hinzufügen
Keine Tags, Fügen Sie das erste Tag hinzu!

MARC

LEADER 00000nla$a2200000$$$4500
001 0102753
005 20221128083802.9
041 0 |a slo 
044 |a SK 
245 1 0 |a Svetová hospodárska kríza a jej vplyv na odhad rizika pri aplikácii výnosového princípu ohodnotenia  |c Iveta Sedláková 
520 |a Výber niektorých publikovaných úvah a riešení ku kríze a tiež k riziku, ktorých rôznorodosť musí znalec zapracovať do svojích metodických postupov. 
610 2 0 |a kríza hospodárska 
610 2 0 |a znalci 
610 2 0 |a riziko 
610 2 0 |a ohodnocovanie podniku 
610 2 0 |a hodnota podniku 
100 1 |a Sedláková, Iveta